000 00510nam a2200217Ia 4500
003 OSt
005 20220928144148.0
006 a|||||r|||| 00| 0
007 ta
008 220927b |||||||| |||| 00| 0 eng d
024 _a60705
037 _cTextual
040 _aSDCL
_cSDCL
_beng
041 _2eng
_aeng
082 _aX:8-75, N8
100 _aWright
_9507224
245 0 _aStrategic management.
260 _c1998
942 _hX:8-75, N8
_cTEXL
_2CC
999 _c826563
_d826563